01285nam a22001697a 4500008004100000020001500041050001500056100002100071245010900092250001300201260003600214300002500250505077400275650002601049700001901075700002101094120606t xxu||||| |||| 00| 0 eng d a0072529180 aHF5635.W66 aWilliams, Jan R. aWorking papers for use with financial accounting. /cJan R. Williams, Susan F. Haka and Mark S. Bettner. a11th ed. aNew York:bMcGraw Hill,cc2003. a295p.:bill.;c27cm. aContents: Accounting: information for decision making -- Basic financial statements -- The Accounting cycle: capturing economic events -- The Accounting cycle: accruals and deferrals -- The Accounting cycle: reporting financial results -- Comprehensive problem 1: west branch rent all -- Merchandising activities -- Financial assets -- Inventories and the cost of goods sold -- Comprehensive problem 2: guitar universe, inc. -- Plant and intangible assets -- Liabilities -- Stockholders' equity: paid-in capital -- Income and changes in retained earnings -- Statement of cash flows -- Financial statement analysis -- Comprehensive problem 3: tootsie roll industries, inc. -- Global business and accounting -- The Time value of money: future amounts and present values. bFinancial accounting. aHaka, Susan F. aBettner, Mark S.